00485 2200193 4500001002100000005001500021035002000036007000300056008004100059020002200100084001300122245004900135250001500184260003800199300002500237082000700262650001000269990001200279INLIS00000000000000320231205111137 a0010-0623000003ta231205 g 0 ind  a978-979-1255-13-4 a92 BAC h aHabibie & Ainun /cBacharuddin Jusuf Habibie aed 1 cet 3 aJakarta :bPt. THC Mandiri,c2012 a323 :bilus ;c21 cm a92 4aNovel a17.0003